[Event "GER-chT Federal Cup (Women)"]
[Site "Braunfels"]
[Date "2025.06.20"]
[Round "3.4"]
[White "Neumann, Helena"]
[Black "Bolon, Karelle"]
[Result "1-0"]
[WhiteElo "2017"]
[BlackElo "1991"]
[PlyCount "59"]
[EventDate "2025.06.19"]
[EventType "team-swiss"]
[EventRounds "5"]
[EventCountry "GER"]
[SourceTitle "CB26_2025"]
[SourceDate "2025.06.25"]
[SourceVersion "1"]
[SourceVersionDate "2025.06.25"]
[SourceQuality "1"]
[WhiteTeam "NRW (W)"]
[BlackTeam "Berlin (W)"]
[WhiteTeamCountry "GER"]
[BlackTeamCountry "GER"]

1. e4 c5 2. Nf3 a6 3. c3 e6 4. d4 d5 5. exd5 exd5 6. Bd3 c4 7. Bc2 Bd6 8. 0-0 Ne7 9. b3 cxb3 10. axb3 0-0 11. c4 Nbc6 12. Nc3 dxc4 13. bxc4 Ng6 14. c5 Bc7 15. d5 Nb4 16. Bxg6 hxg6 17. Ba3 Ba5 18. Rb1 Bf5 19. Bxb4 Bxb1 20. Qxb1 Bc7 21. d6 Bb8 22. Nd5 Re8 23. Ne7+ Rxe7 24. dxe7 Qxe7 25. Re1 Qd7 26. Qd1 Qf5 27. Qd8+ Kh7 28. Ng5+ Kh6 29. Nxf7+ Kh5 30. Qh8+ 1-0

[Event "GER-chT Federal Cup (Women)"]
[Site "Braunfels"]
[Date "2025.06.19"]
[Round "1.4"]
[White "Neumann, Helena"]
[Black "Kalina, Lena"]
[Result "1-0"]
[WhiteElo "2017"]
[BlackElo "1916"]
[PlyCount "61"]
[EventDate "2025.06.19"]
[EventType "team-swiss"]
[EventRounds "5"]
[EventCountry "GER"]
[SourceTitle "CB26_2025"]
[SourceDate "2025.06.25"]
[SourceVersion "1"]
[SourceVersionDate "2025.06.25"]
[SourceQuality "1"]
[WhiteTeam "NRW (W)"]
[BlackTeam "Rheinland Pfalz (W)"]
[WhiteTeamCountry "GER"]
[BlackTeamCountry "GER"]

1. e4 c5 2. Nf3 Nc6 3. Bb5 g6 4. 0-0 Bg7 5. Bxc6 dxc6 6. Re1 Nf6 7. h3 0-0 8. d3 Qc7 9. a4 Rd8 10. a5 Nd7 11. Nbd2 e5 12. Nc4 Nf8 13. Be3 Be6 14. b3 b5 15. Ncd2 c4 16. dxc4 bxc4 17. Qe2 cxb3 18. cxb3 Rab8 19. Rec1 Rdc8 20. Rc3 f5 21. Ng5 Qe7 22. Bc5 Qc7 23. Nxe6 Nxe6 24. Qc4 Re8 25. h4 h6 26. h5 Qf7 27. hxg6 Qxg6 28. Bxa7 Rbc8 29. exf5 Qxf5 30. Ne4 Bf8 31. Rf3 1-0

[Event "GER-ch Blitz (Women)"]
[Site "Munich"]
[Date "2025.05.24"]
[Round "22"]
[White "Leshchenko, Sofia"]
[Black "Neumann, Helena"]
[Result "0-1"]
[WhiteElo "2092"]
[BlackElo "1964"]
[PlyCount "81"]
[EventDate "2025.05.24"]
[EventType "tourn (blitz)"]
[EventRounds "29"]
[EventCountry "GER"]
[SourceTitle "CB22_2025"]
[SourceDate "2025.05.28"]
[SourceVersion "1"]
[SourceVersionDate "2025.05.28"]
[SourceQuality "1"]

1. e4 c6 2. d4 d5 3. e5 Bf5 4. Nf3 e6 5. Bd3 Bxd3 6. Qxd3 c5 7. 0-0 Nc6 8. c3 cxd4 9. cxd4 Nge7 10. Nc3 Nf5 11. Be3 Be7 12. a3 0-0 13. Na4 f6 14. Rac1 fxe5 15. dxe5 d4 16. Bd2 Qd5 17. Rfe1 Nh4 18. Nxh4 Bxh4 19. g3 Rf3 20. Qe4 Qxe4 21. Rxe4 Be7 22. Kg2 Raf8 23. Bf4 Rb3 24. Rc2 g5 25. Bc1 d3 26. Rd2 Rd8 27. Nc3 Nd4 28. Re3 Bxa3 29. Rexd3 Bc5 30. Ne4 Rxd3 31. Rxd3 Bb6 32. Bxg5 Rc8 33. Nd6 Rc2 34. Rd2 Rc7 35. Be3 Nb3 36. Bxb6 axb6 37. Rd3 Nc5 38. Rc3 Kf8 39. b4 Na6 40. Rf3+ Kg8 41. b5 0-1

[Event "GER-ch Blitz (Women)"]
[Site "Munich"]
[Date "2025.05.24"]
[Round "7"]
[White "Neumann, Helena"]
[Black "Braeuer, Vanessa"]
[Result "1-0"]
[WhiteElo "1964"]
[BlackElo "1948"]
[PlyCount "65"]
[EventDate "2025.05.24"]
[EventType "tourn (blitz)"]
[EventRounds "29"]
[EventCountry "GER"]
[SourceTitle "CB22_2025"]
[SourceDate "2025.05.28"]
[SourceVersion "1"]
[SourceVersionDate "2025.05.28"]
[SourceQuality "1"]

1. g3 g6 2. Bg2 Bg7 3. e3 Nf6 4. Ne2 0-0 5. d3 d6 6. Nd2 Nc6 7. c4 e5 8. 0-0 Re8 9. a3 a6 10. b4 Bd7 11. Bb2 Rb8 12. Qc2 Ne7 13. c5 Bc6 14. cxd6 cxd6 15. Bxc6 Nxc6 16. d4 exd4 17. Nxd4 Nxd4 18. Bxd4 Rc8 19. Qd3 d5 20. Rad1 Ne4 21. Bxg7 Kxg7 22. f3 Rc3 23. Qd4+ Nf6 24. Qxc3 Qb6 25. Qd4 Qd6 26. Nb3 Kg8 27. e4 Re5 28. Qc5 Qxc5+ 29. Nxc5 dxe4 30. fxe4 Nxe4 31. Nxe4 Rxe4 32. Rd7 f5 33. Rxb7 1-0

[Event "GER-ch Blitz (Women)"]
[Site "Munich"]
[Date "2025.05.24"]
[Round "29"]
[White "Neumann, Helena"]
[Black "Braeutigam, Katerina"]
[Result "1-0"]
[WhiteElo "1964"]
[BlackElo "2143"]
[PlyCount "66"]
[EventDate "2025.05.24"]
[EventType "tourn (blitz)"]
[EventRounds "29"]
[EventCountry "GER"]
[SourceTitle "CB22_2025"]
[SourceDate "2025.05.28"]
[SourceVersion "1"]
[SourceVersionDate "2025.05.28"]
[SourceQuality "1"]

1. g3 g6 2. Bg2 Bg7 3. e3 e5 4. Ne2 f5 5. d4 e4 6. d5 d6 7. c4 Nf6 8. Nbc3 0-0 9. 0-0 Nbd7 10. b4 Ne5 11. Qb3 h6 12. c5 Nh7 13. Rd1 Ng5 14. Nd4 Kh7 15. h4 Ngf7 16. Ne6 Bxe6 17. dxe6 Nh8 18. cxd6 cxd6 19. b5 Re8 20. Ba3 Qc8 21. Rxd6 Nc4 22. Rd7 Nxa3 23. Qxa3 Rxe6 24. Rad1 Rf6 25. Qb3 Rb8 26. Ne2 Qe8 27. Nf4 Rf7 28. R7d6 Rf6 29. Rxf6 Bxf6 30. Nd5 Bg7 31. Bf1 Rd8 32. Nf4 Rxd1 33. Qxd1 Qd7 1-0

[Event "GER-ch Blitz (Women)"]
[Site "Munich"]
[Date "2025.05.24"]
[Round "21"]
[White "Neumann, Helena"]
[Black "Dolzhikova, Kateryna"]
[Result "1-0"]
[WhiteElo "1964"]
[BlackElo "2331"]
[PlyCount "89"]
[EventDate "2025.05.24"]
[EventType "tourn (blitz)"]
[EventRounds "29"]
[EventCountry "GER"]
[SourceTitle "CB22_2025"]
[SourceDate "2025.05.28"]
[SourceVersion "1"]
[SourceVersionDate "2025.05.28"]
[SourceQuality "1"]

1. e4 e6 2. d4 d5 3. Nd2 c5 4. Ngf3 cxd4 5. Nxd4 Nc6 6. Bb5 Bd7 7. Nxc6 bxc6 8. Bd3 Bd6 9. Qe2 Qc7 10. Nf3 e5 11. exd5 cxd5 12. c4 Nf6 13. cxd5 0-0 14. 0-0 e4 15. Bxe4 Rfe8 16. Nd2 Bxh2+ 17. Kh1 Nxe4 18. Nxe4 f5 19. Qh5 Rxe4 20. Qxh2 Qxh2+ 21. Kxh2 Rd4 22. Be3 Rxd5 23. Rfd1 Be6 24. Rxd5 Bxd5 25. b3 a5 26. Rd1 Be6 27. Rd6 Kf7 28. Rb6 a4 29. Rb7+ Kg6 30. Bd4 axb3 31. axb3 Rg8 32. b4 Bd5 33. Rd7 Be6 34. Ra7 Kh6 35. b5 g5 36. b6 Bd5 37. Rd7 Bc6 38. Rd6+ Rg6 39. Rxc6 Rxc6 40. b7 Rd6 41. b8Q Rg6 42. Qf8+ Kh5 43. Qxf5 Rh6 44. g4+ Kh4 45. Be5 1-0

[Event "GER-ch Blitz (Women)"]
[Site "Munich"]
[Date "2025.05.24"]
[Round "11"]
[White "Neumann, Helena"]
[Black "Heutling, Elina"]
[Result "1-0"]
[WhiteElo "1964"]
[BlackElo "1996"]
[PlyCount "61"]
[EventDate "2025.05.24"]
[EventType "tourn (blitz)"]
[EventRounds "29"]
[EventCountry "GER"]
[SourceTitle "CB22_2025"]
[SourceDate "2025.05.28"]
[SourceVersion "1"]
[SourceVersionDate "2025.05.28"]
[SourceQuality "1"]

1. g3 d5 2. Bg2 Nf6 3. e3 c5 4. d3 Nc6 5. b3 e5 6. Bb2 Be6 7. Ne2 Qd7 8. h3 Bd6 9. Nd2 Rc8 10. f4 exf4 11. Nxf4 Bxf4 12. gxf4 d4 13. Qe2 Nd5 14. Bxd5 Bxd5 15. e4 0-0 16. exd5 Rfe8 17. Ne4 Qxd5 18. f5 Qxf5 19. 0-0-0 Qd7 20. Rdg1 Qf5 21. Qg2 Qf4+ 22. Kb1 g6 23. Rf1 Qh6 24. Nf6+ Kg7 25. Nxe8+ Rxe8 26. Bc1 Qh5 27. Qf3 Qxf3 28. Rxf3 Ne5 29. Rf2 f5 30. Re1 Kf6 31. Rfe2 1-0

[Event "GER-ch Blitz (Women)"]
[Site "Munich"]
[Date "2025.05.24"]
[Round "25"]
[White "Neumann, Helena"]
[Black "Koepke, Elena"]
[Result "1-0"]
[WhiteElo "1964"]
[BlackElo "2231"]
[PlyCount "141"]
[EventDate "2025.05.24"]
[EventType "tourn (blitz)"]
[EventRounds "29"]
[EventCountry "GER"]
[SourceTitle "CB22_2025"]
[SourceDate "2025.05.28"]
[SourceVersion "1"]
[SourceVersionDate "2025.05.28"]
[SourceQuality "1"]

1. e4 c5 2. Nf3 g6 3. c3 Bg7 4. d4 cxd4 5. cxd4 d5 6. e5 Bg4 7. Bb5+ Nc6 8. Bxc6+ bxc6 9. Nbd2 f6 10. h3 Bxf3 11. Nxf3 Qc7 12. Bf4 Qa5+ 13. Qd2 Qxd2+ 14. Kxd2 fxe5 15. Nxe5 Nf6 16. Nxc6 Ne4+ 17. Ke1 Rc8 18. Nb4 Bxd4 19. f3 Nf6 20. Rb1 0-0 21. Kd2 a5 22. Nd3 Nh5 23. Bh2 Bg7 24. g4 Bh6+ 25. Ke2 Rc2+ 26. Kd1 Rd2+ 27. Ke1 Rxd3 28. gxh5 Rfxf3 29. hxg6 hxg6 30. Rg1 Kh7 31. h4 Rde3+ 32. Kd1 Rf2 33. Bg3 Rff3 34. Be1 Rd3+ 35. Kc2 Rd4 36. Bxa5 Rc4+ 37. Kd1 Rxh4 38. Re1 Rd4+ 39. Kc2 Rc4+ 40. Kd1 Rd3+ 41. Ke2 Rh3 42. Rbd1 e6 43. Kf1 Rf3+ 44. Kg2 Rf6 45. Bc3 Rf7 46. Rxe6 Ra4 47. Rh1 Rg4+ 48. Kh3 Rg5 49. Re3 Rf4 50. Rg3 Rh5+ 51. Kg2 Rxh1 52. Kxh1 Ra4 53. a3 g5 54. Rd3 Kg6 55. Rxd5 g4 56. Rd6+ Kh5 57. Kg2 Re4 58. Rd5+ Kg6 59. Kg3 Bc1 60. Re5 Rc4 61. Re1 Bf4+ 62. Kg2 Kf5 63. Rf1 Kg5 64. Rd1 Be3 65. Rd5+ Kf4 66. Rd8 Rc6 67. Rf8+ Ke4 68. Re8+ Kf4 69. Be5+ Kf5 70. Bc3 Rb6 71. Rxe3 1-0

[Event "GER-ch Blitz (Women)"]
[Site "Munich"]
[Date "2025.05.24"]
[Round "16"]
[White "Novikova, Margarita"]
[Black "Neumann, Helena"]
[Result "0-1"]
[WhiteElo "1969"]
[BlackElo "1964"]
[PlyCount "60"]
[EventDate "2025.05.24"]
[EventType "tourn (blitz)"]
[EventRounds "29"]
[EventCountry "GER"]
[SourceTitle "CB22_2025"]
[SourceDate "2025.05.28"]
[SourceVersion "1"]
[SourceVersionDate "2025.05.28"]
[SourceQuality "1"]

1. e4 c6 2. d4 d5 3. Nd2 dxe4 4. Nxe4 Nf6 5. Nxf6+ exf6 6. Nf3 Bd6 7. Be2 0-0 8. 0-0 Re8 9. Be3 Bf5 10. Qd2 Nd7 11. c4 Nf8 12. b4 g5 13. Rfd1 Ng6 14. g3 h5 15. d5 g4 16. Nd4 Be4 17. c5 Bxd5 18. cxd6 Qxd6 19. Bf1 Rad8 20. Bg2 Ne5 21. Bf4 Bxg2 22. Kxg2 Qd5+ 23. Kg1 Qxd4 24. Qc2 Nf3+ 25. Kg2 Qxb4 26. Qf5 Rxd1 27. Rxd1 Qe4 28. Qxe4 Rxe4 29. Rd8+ Kg7 30. Rd7 Re1 0-1

[Event "Muensterland op 41st"]
[Site "Muenster"]
[Date "2024.10.14"]
[Round "4"]
[White "Rott, Georg"]
[Black "Neumann, Helena"]
[Result "1/2-1/2"]
[WhiteElo "2104"]
[BlackElo "1944"]
[PlyCount "159"]
[EventDate "2024.10.12"]
[EventType "swiss"]
[EventRounds "9"]
[EventCountry "GER"]
[SourceTitle "CB43_2024"]
[Source "Chessbase"]
[SourceDate "2024.10.23"]
[SourceVersion "1"]
[SourceVersionDate "2024.10.23"]
[SourceQuality "1"]

1. e4 c6 2. d4 d5 3. exd5 cxd5 4. Bd3 Nc6 5. c3 Nf6 6. h3 g6 7. Nf3 Bf5 8. Bxf5 gxf5 9. Bf4 e6 10. Qb3 Qb6 11. Qxb6 axb6 12. Nbd2 Kd7 13. Ne5+ Nxe5 14. Bxe5 Be7 15. f3 Rhg8 16. g4 h5 17. gxf5 exf5 18. Kf2 h4 19. a3 Nh5 20. Bh2 b5 21. Rae1 Ng3 22. Bxg3 hxg3+ 23. Kg2 Bd6 24. h4 Rh8 25. h5 Rh6 26. Rh4 f4 27. Nb3 b6 28. Nc1 Rah8 29. Reh1 Ke6 30. Nd3 Kf5 31. Nc1 Be7 32. R4h3 Kg5 33. Nd3 Bd6 34. Rh4 f5 35. R4h3 Re8 36. Nc1 Re3 37. Rh4 Bxa3 38. bxa3 Rxc3 39. Ne2 Rc2 40. Rxf4 Rxe2+ 41. Kxg3 b4 42. axb4 Rb2 43. Rfh4 Rxb4 44. Re1 Kf6 45. Re8 b5 46. Rb8 Rb3 47. Rd8 Ke6 48. Rb8 Kd7 49. Kf4 b4 50. Kg5 Kc7 51. Rf8 Rh7 52. Kg6 Rd7 53. Rxf5 Rd6+ 54. Kg5 Rb1 55. Rf7+ Kc6 56. Rf6 Rg1+ 57. Kf5 b3 58. Rh2 Rxf6+ 59. Kxf6 Rf1 60. h6 Rxf3+ 61. Kg6 Rg3+ 62. Kh5 Rg8 63. Rb2 Kb5 64. Rxb3+ Kc4 65. Rb7 Kxd4 66. h7 Rh8 67. Kg6 Ke3 68. Re7+ Kd3 69. Kg7 Rc8 70. Rf7 d4 71. Rf8 Rc7+ 72. Kg6 Rxh7 73. Kxh7 Kc2 74. Rc8+ Kb2 75. Rd8 Kc3 76. Kg6 d3 77. Kf5 d2 78. Ke4 Kc2 79. Rc8+ Kb1 80. Rd8 1/2-1/2

[Event "GER-ch U16 Girls"]
[Site "Willingen"]
[Date "2024.05.19"]
[Round "2"]
[White "Neumann, Helena"]
[Black "Reddi, Bhuvana"]
[Result "0-1"]
[WhiteElo "1834"]
[BlackElo "1825"]
[PlyCount "64"]
[EventDate "2024.05.19"]
[EventType "swiss"]
[EventRounds "9"]
[EventCountry "GER"]
[SourceTitle "CBM 220 Extra"]
[Source "ChessBase"]
[SourceDate "2024.07.31"]
[SourceVersion "1"]
[SourceVersionDate "2024.07.31"]
[SourceQuality "1"]

1. e4 e5 2. Nf3 Nc6 3. Bc4 Be7 4. d4 d6 5. h3 Nf6 6. Nc3 0-0 7. d5 Nb8 8. g4 Nbd7 9. Be3 Kh8 10. Qd2 a6 11. a4 b6 12. g5 Ng8 13. 0-0-0 b5 14. axb5 axb5 15. Bxb5 Ra1+ 16. Nb1 f5 17. exf5 Rxf5 18. Nh4 Rxg5 19. Be2 Ra4 20. c4 Nc5 21. Bxc5 dxc5 22. Qc2 Ra6 23. f4 exf4 24. Bd3 Rg3 25. Nf5 Bxf5 26. Bxf5 Bg5 27. Na3 f3+ 28. Kb1 Rg2 29. Qd3 Qf6 30. Nc2 Rb6 31. b4 Rxb4+ 32. Nxb4 Qb2# 0-1